The dog and his reflection = (Record no. 21998)

000 -LEADER
fixed length control field 00606nam a22001697a 4500
003 - CONTROL NUMBER IDENTIFIER
control field OSt
005 - DATE AND TIME OF LATEST TRANSACTION
control field 20260127154820.0
008 - FIXED-LENGTH DATA ELEMENTS--GENERAL INFORMATION
fixed length control field 260127t2009 xxua|||| |||| 00| 0 eng d
020 ## - INTERNATIONAL STANDARD BOOK NUMBER
International Standard Book Number 9789715182492
040 ## - CATALOGING SOURCE
Transcribing agency csu
100 ## - MAIN ENTRY--PERSONAL NAME
Personal name Agbayani- Pastor, S. Boots,
Relator term retold.
245 ## - TITLE STATEMENT
Title The dog and his reflection =
Remainder of title ang aso at ang kanyang anino ; adapted from fable of =halaw mula sa pabula ni Aesop /
Statement of responsibility, etc Agbayani-Pastor, Boots S.
260 ## - PUBLICATION, DISTRIBUTION, ETC. (IMPRINT)
Place of publication, distribution, etc Quezon City:
Name of publisher, distributor, etc Lampara Publishing House, Inc.,
Date of publication, distribution, etc c2009.
300 ## - PHYSICAL DESCRIPTION
Extent [unmembered pages]:
Other physical details color illustrations.
650 ## - SUBJECT ADDED ENTRY--TOPICAL TERM
Topical term or geographic name as entry element Dogs -- Short stories.
942 ## - ADDED ENTRY ELEMENTS (KOHA)
Source of classification or shelving scheme
Koha item type Books
Holdings
Price effective from Permanent Location Date last seen Not for loan Date acquired Source of classification or shelving scheme Koha item type Lost status Withdrawn status Copy number Source of acquisition Collection code Damaged status Barcode Shelving location Current Location Full call number
2026-01-27Cagayan State University - Carig Library2026-01-27 2026-01-27 Books  1DonationChildren Section  C0001028 Children SectionCagayan State University - Carig LibraryCS C1028 A264 2008

Cagayan State University University Library, Carig Campus
Tuguegarao City, Cagayan 3500 | www.csucarig.edu.ph

Powered by Koha